[Event "Int. Championship of Central Serbia - O"]
[Site "Paracin"]
[Date "2011.07.12"]
[Round "5.2"]
[White "Savic, Miodrag R"]
[Black "Nenezic, Marko"]
[Result "1-0"]
[WhiteElo "2520"]
[BlackElo "2274"]
[PlyCount "86"]
[EventDate "2011.??.??"]

1. e4 c5 2. Nf3 d6 3. Bc4 Nf6 4. d3 Nc6 5. c3 e6 6. Bb3 Be7 7. O-O O-O 8. Re1
Bd7 9. Nbd2 b5 10. d4 cxd4 11. cxd4 Rc8 12. e5 Nd5 13. Ne4 dxe5 14. dxe5 h6 15.
a3 Na5 16. Bxd5 exd5 17. Nc3 Bg4 18. Nxd5 Nc6 19. Bf4 Bxf3 20. Qxf3 Nd4 21. Qe4
Nc2 22. Rad1 Nxe1 23. Qxe1 Kh8 24. h3 Bg5 25. Bg3 Qd7 26. Nc3 Qc6 27. Ne4 Be7
28. Kh2 Rcd8 29. Rc1 Qe6 30. Qa5 f5 31. exf6 Qxe4 32. Re1 Qxe1 33. fxg7+ Kxg7
34. Qxe1 Bf6 35. Qe2 Rd5 36. Qg4+ Kf7 37. Bh4 Rg8 38. Qf3 Rd6 39. Qb3+ Kf8 40.
Qb4 Be5+ 41. f4 a5 42. Qc5 Bxf4+ 43. g3 Kf7 1-0

[Event "Int. Championship of Central Serbia - O"]
[Site "Paracin"]
[Date "2011.07.12"]
[Round "5.3"]
[White "Radlovacki, Jovan"]
[Black "Doric, Darko"]
[Result "1/2-1/2"]
[WhiteElo "2417"]
[BlackElo "2417"]
[PlyCount "44"]
[EventDate "2011.??.??"]

1. e4 c5 2. Nf3 d6 3. d4 cxd4 4. Qxd4 a6 5. Be3 Nc6 6. Qd2 Nf6 7. Nc3 e6 8.
O-O-O Qc7 9. Bf4 Ng4 10. Bg5 f6 11. Bh4 Nge5 12. Nd4 Nxd4 13. Qxd4 Be7 14. f4
Nc6 15. Qe3 b5 16. Kb1 O-O 17. Bf2 Rb8 18. g4 b4 19. Na4 e5 20. f5 Bd7 21. Nb6
Nd4 22. Rxd4 Qxb6 1/2-1/2

[Event "Int. Championship of Central Serbia - O"]
[Site "Paracin"]
[Date "2011.07.12"]
[Round "5.4"]
[White "Abramovic, Bosko"]
[Black "Pancevski, Filip"]
[Result "1-0"]
[WhiteElo "2464"]
[BlackElo "2410"]
[PlyCount "127"]
[EventDate "2011.??.??"]

1. c4 g6 2. g3 Bg7 3. Bg2 d6 4. Nc3 e5 5. d3 Nc6 6. e3 Be6 7. b3 Nge7 8. Bb2
Qd7 9. Nd5 Nd8 10. Qd2 Nc8 11. Ne2 c6 12. Ndf4 Bf5 13. e4 Bg4 14. f3 g5 15.
fxg4 gxf4 16. Nxf4 Qxg4 17. Bh3 Qg5 18. Ng2 Qh5 19. Bf5 Bh6 20. Qf2 Ne7 21. c5
Nxf5 22. exf5 f6 23. d4 Nf7 24. cxd6 exd4 25. Bxd4 O-O-O 26. O-O Rxd6 27. Rae1
Rhd8 28. Bc3 b6 29. Qe2 Qh3 30. Qa6+ Kb8 31. Re7 R6d7 32. Rxd7 Rxd7 33. Qc4 Bg5
34. Qxc6 Rc7 35. Qe8+ Rc8 36. Qxf7 Rxc3 37. Qe8+ Rc8 38. Qe4 h5 39. Rd1 Qg4 40.
Qd3 Rc5 41. b4 Qxb4 42. Qd6+ Kb7 43. h4 Bc1 44. Qe7+ Ka6 45. Rd7 Kb5 46. Rxa7
Qd4+ 47. Kh2 Kb4 48. Rd7 Qe5 49. Qd8 b5 50. Rd3 Rc3 51. Qd6+ Kc4 52. Rxc3+ Kxc3
53. Qe6 Kd4 54. Ne1 Ke3 55. Qb3+ Ke2 56. Nd3 Qe3 57. Nf4+ Kf3 58. Qxe3+ Bxe3
59. Nxh5 Bd4 60. Kh3 b4 61. g4 Ke4 62. Ng7 Kd3 63. Ne6 Be3 64. g5 1-0

[Event "Int. Championship of Central Serbia - O"]
[Site "Paracin"]
[Date "2011.07.12"]
[Round "5.5"]
[White "Petkov, Vladimir"]
[Black "Damljanovic, Branko"]
[Result "1/2-1/2"]
[WhiteElo "2490"]
[BlackElo "2611"]
[PlyCount "115"]
[EventDate "2011.??.??"]

1. d4 d6 2. Nf3 Nf6 3. c4 g6 4. Nc3 Bg7 5. e4 O-O 6. h3 e5 7. d5 a5 8. Bg5 Na6
9. Nd2 Bd7 10. g4 Nc5 11. Qf3 a4 12. Be2 c6 13. Rb1 h6 14. Be3 Qa5 15. Qg2 cxd5
16. cxd5 b5 17. f3 Rfc8 18. Qf1 Rab8 19. Kf2 Ne8 20. Kg2 b4 21. Nd1 f5 22. Nf2
b3 23. a3 f4 24. Nc4 Qd8 25. Bd2 Qh4 26. Rh2 Bf6 27. Qe1 Bd8 28. Nd3 Qe7 29.
Nxc5 Rxc5 30. Qf2 Rcc8 31. Rc1 Bb5 32. Rhh1 Qh7 33. Bd3 Ba6 34. Qe2 Ba5 35. Be1
Bxe1 36. Rhxe1 Nf6 37. Rc3 Nd7 38. Rec1 Nc5 39. Bb1 Nb7 40. Bd3 Nc5 41. Bb1 g5
42. Qe1 Bxc4 43. Rxc4 Qa7 44. h4 h5 45. hxg5 hxg4 46. Qh4 gxf3+ 47. Kxf3 Qh7
48. Qxh7+ Kxh7 49. Rh1+ Kg7 50. Rh6 Ne6 51. Rxc8 Nd4+ 52. Kg4 Rxc8 53. Rxd6 Rc1
54. Bd3 Rg1+ 55. Kh5 Rh1+ 56. Kg4 Rg1+ 57. Kh5 Rh1+ 58. Kg4 1/2-1/2

[Event "Int. Championship of Central Serbia - O"]
[Site "Paracin"]
[Date "2011.07.12"]
[Round "5.6"]
[White "Miladinovic, Igor"]
[Black "Lajthajm, Borko"]
[Result "0-1"]
[WhiteElo "2566"]
[BlackElo "2481"]
[PlyCount "116"]
[EventDate "2011.??.??"]

1. d4 Nf6 2. c4 e6 3. Nc3 Bb4 4. g3 O-O 5. Bg2 c5 6. Nf3 cxd4 7. Nxd4 d5 8.
cxd5 Nxd5 9. Qb3 Qb6 10. Bxd5 exd5 11. Be3 Qa5 12. Rc1 Bh3 13. a3 Bxc3+ 14.
Qxc3 Qxc3+ 15. Rxc3 Nc6 16. Nxc6 bxc6 17. Rxc6 d4 18. Bxd4 Bg2 19. f3 Bxh1 20.
Rc1 Rfc8 21. Bc3 Bg2 22. Kf2 Bh3 23. g4 h5 24. Kg3 hxg4 25. fxg4 Re8 26. Kxh3
Rxe2 27. Re1 Rxe1 28. Bxe1 a5 29. Kg3 a4 30. h4 Re8 31. Bc3 f6 32. Kf4 Kf7 33.
h5 Re2 34. Kf3 Rc2 35. Kg3 Rc1 36. Kf3 Ke6 37. Kg2 Kf7 38. Kf3 Rg1 39. Bd4 Rh1
40. Bc3 Rh3+ 41. Kf4 Ke6 42. Bd4 Rh1 43. Bc3 Rf1+ 44. Kg3 Kd5 45. Kg2 Rf4 46.
Kg3 Ke4 47. g5 Rf3+ 48. Kg4 Rf1 49. gxf6 gxf6 50. Kh3 Kf5 51. Kg2 Rd1 52. h6
Kg6 53. h7 Rd8 54. Bd4 Rh8 55. Kf3 Kf5 56. Ke3 Rxh7 57. Kd3 Rc7 58. Bc3 Kg5 0-1

[Event "Int. Championship of Central Serbia - O"]
[Site "Paracin"]
[Date "2011.07.12"]
[Round "5.7"]
[White "Zlatanovic, Boroljub"]
[Black "Bogosavljevic, Boban"]
[Result "0-1"]
[WhiteElo "2433"]
[BlackElo "2548"]
[PlyCount "84"]
[EventDate "2011.??.??"]

1. c4 e6 2. g3 Nf6 3. Bg2 d5 4. Nf3 Be7 5. O-O O-O 6. d4 Nbd7 7. cxd5 exd5 8.
Nc3 c6 9. Bg5 Re8 10. Qc2 g6 11. e3 Nf8 12. Bxf6 Bxf6 13. b4 Bf5 14. Qb3 Nd7
15. b5 Qa5 16. Rfc1 Nb6 17. Bf1 Rac8 18. a3 Bg4 19. Ne5 Bxe5 20. dxe5 Rxe5 21.
Qb4 Qxb4 22. axb4 cxb5 23. Rxa7 Re7 24. Na2 Rxc1 25. Nxc1 d4 26. exd4 Re1 27.
Nd3 Rb1 28. Kg2 Nc4 29. Rxb7 Nd2 30. Ne5 Be6 31. Rb8+ Kg7 32. Bd3 Bd5+ 33. Kh3
Rxb4 34. Rxb5 Rxd4 35. Be2 f6 36. Nd3 Nf3 37. g4 h5 38. Rb4 Ng1+ 39. Kg3 Nxe2+
40. Kh3 hxg4+ 41. Kh4 g5+ 42. Kh5 Bf7# 0-1

[Event "Int. Championship of Central Serbia - O"]
[Site "Paracin"]
[Date "2011.07.12"]
[Round "5.8"]
[White "Sertic, Rudolf"]
[Black "Blagojevic, Dragisa"]
[Result "1/2-1/2"]
[WhiteElo "2406"]
[BlackElo "2516"]
[PlyCount "48"]
[EventDate "2011.??.??"]

1. d4 d5 2. c4 c6 3. Nf3 Nf6 4. e3 Bf5 5. Nc3 e6 6. Be2 h6 7. O-O Nbd7 8. a3 a5
9. Bd2 Be7 10. c5 b6 11. b4 O-O 12. Na4 axb4 13. axb4 Qc7 14. cxb6 Nxb6 15. Nc5
Nbd7 16. Bc3 Ne4 17. Nxe4 dxe4 18. Nd2 Nf6 19. Nb3 Nd5 20. Qd2 Bd6 21. g3 Qe7
22. Nc5 Nxc3 23. Qxc3 e5 24. Ra5 exd4 1/2-1/2

[Event "Int. Championship of Central Serbia - OP"]
[Site "Paracin"]
[Date "2011.07.12"]
[Round "5.10"]
[White "Stankovic, Milos"]
[Black "Miljkovic, Miroslav D"]
[Result "1/2-1/2"]
[WhiteElo "2364"]
[BlackElo "2495"]
[PlyCount "41"]
[EventDate "2011.07.08"]

1. e4 c5 2. Nf3 a6 3. c3 d5 4. exd5 Qxd5 5. d4 e6 6. Be2 Nf6 7. O-O Nc6 8. Be3
cxd4 9. Nxd4 Nxd4 10. Bxd4 Bc5 11. Bf3 Qd6 12. Bxc5 Qxc5 13. Nd2 O-O 14. Nb3
Qc7 15. Qd4 Bd7 16. Rad1 Rac8 17. Rfe1 h6 18. Qd6 Bc6 19. Bxc6 Qxc6 20. Qxc6
Rxc6 21. Rd4 1/2-1/2

[Event "Int. Championship of Central Serbia - OP"]
[Site "Paracin"]
[Date "2011.07.12"]
[Round "5.12"]
[White "Djukic, Nikola"]
[Black "Doric, Nenad"]
[Result "1-0"]
[WhiteElo "2508"]
[BlackElo "2322"]
[PlyCount "113"]
[EventDate "2011.07.08"]

1. e4 e5 2. Nf3 Nc6 3. Bb5 a6 4. Ba4 Nf6 5. O-O Be7 6. Re1 b5 7. Bb3 d6 8. c3
O-O 9. h3 Na5 10. Bc2 c5 11. d4 exd4 12. cxd4 Re8 13. Bf4 Bb7 14. Nbd2 cxd4 15.
Nxd4 Bf8 16. Bg5 h6 17. Bh4 Nc6 18. Nxc6 Bxc6 19. Qf3 Be7 20. Bb3 Rf8 21. Rad1
Nd7 22. Bg3 Nc5 23. Nb1 Nxb3 24. Qxb3 Qb8 25. Nc3 Rd8 26. Nd5 Bf8 27. Bf4 Qb7
28. Re3 Re8 29. f3 Bxd5 30. Rxd5 Rac8 31. Red3 Re6 32. a4 Rc5 33. axb5 axb5 34.
Qd1 Be7 35. Rb3 Rg6 36. Be3 Rxd5 37. Qxd5 Qc8 38. g4 Qc2 39. Qd3 Qc4 40. Qxc4
bxc4 41. Rb8+ Kh7 42. Rc8 d5 43. exd5 Rd6 44. Bc5 Rd7 45. Bxe7 Rxe7 46. Rxc4
Re1+ 47. Kf2 Rd1 48. b4 Rxd5 49. Rc2 f5 50. Rb2 fxg4 51. fxg4 Rb5 52. Ke3 h5
53. Kd4 hxg4 54. hxg4 Kg6 55. Kc4 Rb8 56. b5 Kg5 57. Kc5 1-0

[Event "Int. Championship of Central Serbia - OP"]
[Site "Paracin"]
[Date "2011.07.12"]
[Round "5.13"]
[White "Toth, Aleksandar"]
[Black "Pavlov, Sergey"]
[Result "1-0"]
[WhiteElo "2315"]
[BlackElo "2505"]
[PlyCount "77"]
[EventDate "2011.07.08"]

1. e4 Nf6 2. e5 Nd5 3. d4 d6 4. Nf3 Bg4 5. Be2 c6 6. O-O Bxf3 7. Bxf3 dxe5 8.
dxe5 e6 9. Nd2 Nd7 10. Re1 Be7 11. g3 Qc7 12. Qe2 O-O 13. Bg2 a5 14. Nf3 a4 15.
a3 Rfd8 16. h4 b5 17. Ng5 h6 18. Nh3 b4 19. Nf4 bxa3 20. bxa3 Nxf4 21. Bxf4 Nb6
22. Qg4 Kh8 23. Qh5 Bf8 24. Re4 Nd5 25. Bc1 g6 26. Qf3 Bg7 27. c4 Nb6 28. Bb2
Kg8 29. Bc3 Nd7 30. Rd1 Rab8 31. Re3 Rdc8 32. h5 Rb3 33. hxg6 fxg6 34. Bh3 Nf8
35. Bb4 c5 36. Rxb3 axb3 37. Bc3 Rb8 38. Bb2 Qa5 39. Rb1 1-0

[Event "Int. Championship of Central Serbia - OP"]
[Site "Paracin"]
[Date "2011.07.12"]
[Round "5.14"]
[White "Arsovic, Zoran"]
[Black "Kislik, Erik Andrew"]
[Result "1/2-1/2"]
[WhiteElo "2463"]
[BlackElo "2328"]
[PlyCount "42"]
[EventDate "2011.07.08"]

1. Nf3 Nf6 2. c4 g6 3. Nc3 d5 4. cxd5 Nxd5 5. Qb3 Nb6 6. d4 Bg7 7. e4 O-O 8. h3
c6 9. Be2 Be6 10. Qc2 Bxd4 11. Nxd4 Qxd4 12. Bh6 Re8 13. O-O N8d7 14. Rad1 Qb4
15. f4 f6 16. Kh1 Rad8 17. b3 Bf7 18. Rd2 Nf8 19. f5 Rxd2 20. Qxd2 Nbd7 21. Bf4
Qa5 1/2-1/2

[Event "Int. Championship of Central Serbia - OP"]
[Site "Paracin"]
[Date "2011.07.12"]
[Round "5.15"]
[White "Nestorovic, Lazar"]
[Black "Dinic, Dragan"]
[Result "1/2-1/2"]
[WhiteElo "2428"]
[BlackElo "2297"]
[PlyCount "72"]
[EventDate "2011.07.08"]

1. e4 e5 2. Nf3 Nc6 3. Bb5 Bc5 4. O-O Qf6 5. c3 Nge7 6. d4 exd4 7. Bg5 Qg6 8.
Bxe7 Nxe7 9. cxd4 Bb6 10. Nc3 O-O 11. Bd3 d6 12. e5 Qh6 13. h3 dxe5 14. dxe5
Be6 15. Na4 Rfd8 16. Nxb6 axb6 17. Qc2 Nd5 18. Bf5 Nf4 19. Rad1 Bxf5 20. Qxf5
Ne6 21. h4 Qg6 22. Qxg6 hxg6 23. a3 b5 24. Kh2 Kf8 25. g4 Ke7 26. Kg3 b4 27.
axb4 Rxd1 28. Rxd1 Ra4 29. h5 gxh5 30. gxh5 Rxb4 31. Rd2 Rb3 32. Kg4 Rb4+ 33.
Kg3 Nf4 34. Kg4 Ne6+ 35. Kg3 Nf4 36. Kg4 Ke6 1/2-1/2

[Event "Int. Championship of Central Serbia - OP"]
[Site "Paracin"]
[Date "2011.07.12"]
[Round "5.16"]
[White "Nikolov, Sasho"]
[Black "Stanojevic, Branko"]
[Result "1-0"]
[WhiteElo "2412"]
[BlackElo "2292"]
[PlyCount "73"]
[EventDate "2011.07.08"]

1. e4 e6 2. d4 d5 3. Nc3 Bb4 4. e5 c5 5. a3 Bxc3+ 6. bxc3 Qc7 7. Nf3 Ne7 8. Bd3
Bd7 9. O-O h6 10. a4 Nbc6 11. Re1 b6 12. Ba3 Na5 13. Nd2 h5 14. Qf3 c4 15. Bf1
Nf5 16. Bd6 Qd8 17. g3 Rc8 18. Bb4 Nc6 19. Ba3 Qg5 20. Qd1 h4 21. g4 h3 22. f4
Qg6 23. Kh1 Nfe7 24. Re3 f5 25. exf6 gxf6 26. Bxh3 Kf7 27. Qe2 Rce8 28. Re1 Rh4
29. Nf1 Qh6 30. g5 fxg5 31. Bxe6+ Bxe6 32. Rxe6 Qh5 33. fxg5 Qxg5 34. Rxc6 Re4
35. Qf3+ Rf4 36. Qe3 Qf5 37. Ng3 1-0

[Event "Int. Championship of Central Serbia - OP"]
[Site "Paracin"]
[Date "2011.07.12"]
[Round "5.18"]
[White "Nestorovic, Dejan"]
[Black "Radusinovic, Lazar"]
[Result "1/2-1/2"]
[WhiteElo "2404"]
[BlackElo "2283"]
[PlyCount "112"]
[EventDate "2011.07.08"]

1. d4 Nf6 2. c4 e6 3. Nc3 Bb4 4. Qb3 c5 5. dxc5 Nc6 6. Nf3 Ne4 7. Bd2 Nxc5 8.
Qc2 f5 9. a3 Bxc3 10. Bxc3 O-O 11. b4 Ne4 12. Bb2 b6 13. e3 Bb7 14. Be2 Ne7 15.
O-O Ng6 16. g3 Qe7 17. Ne5 Ng5 18. f3 Nxe5 19. Bxe5 d6 20. Bb2 e5 21. h4 Ne6
22. f4 exf4 23. exf4 Rac8 24. Bd3 Qf7 25. Rae1 Rce8 26. Re3 Qg6 27. Kh2 Qg4 28.
Qd2 Nc7 29. Rfe1 Rxe3 30. Rxe3 Re8 31. Be2 Qg6 32. Qd4 Rxe3 33. Qxe3 Qe8 34.
Qxe8+ Nxe8 35. Bd3 g6 36. Kg1 Kf7 37. Kf2 Nf6 38. Bxf6 Kxf6 39. Ke3 Ke6 40. Kd4
Bc6 41. h5 Kf6 42. Be2 g5 43. c5 dxc5+ 44. bxc5 gxf4 45. gxf4 h6 46. Bd1 Bg2
47. Ba4 bxc5+ 48. Kxc5 Bf3 49. Be8 Ke7 50. Bg6 Ke6 51. Kb5 Be2+ 52. Kc6 Bd1 53.
Kb7 a5 54. Kb6 a4 55. Kc5 Bc2 56. Be8 Bd1 1/2-1/2

[Event "Int. Championship of Central Serbia - OP"]
[Site "Paracin"]
[Date "2011.07.12"]
[Round "5.20"]
[White "Indjic, Aleksandar"]
[Black "Djosic, Slavoljub"]
[Result "1-0"]
[WhiteElo "2373"]
[BlackElo "2213"]
[PlyCount "51"]
[EventDate "2011.07.08"]

1. d4 g6 2. e4 Bg7 3. c3 d6 4. Bd3 e5 5. Ne2 Ne7 6. O-O O-O 7. f4 exd4 8. Nxd4
c5 9. Nf3 d5 10. exd5 Qxd5 11. Qe2 Nbc6 12. Na3 Bf5 13. Bc4 Qd8 14. Be3 b6 15.
Rad1 Qb8 16. Rfe1 a6 17. Bxa6 Bxc3 18. bxc3 Qa7 19. Bc4 Qxa3 20. Bc1 Qa7 21.
Ng5 h6 22. Ne4 Bxe4 23. Qxe4 Rad8 24. Rxd8 Rxd8 25. f5 Nxf5 26. Qxc6 1-0

[Event "Int. Championship of Central Serbia - OP"]
[Site "Paracin"]
[Date "2011.07.12"]
[Round "5.21"]
[White "Gajic, Mladen"]
[Black "Pezelj, Novak"]
[Result "1/2-1/2"]
[WhiteElo "2269"]
[BlackElo "2364"]
[Annotator ",WORKGROUP"]
[PlyCount "69"]
[EventDate "2011.07.08"]

1. e4 e5 2. Nf3 Nc6 3. Bc4 Bc5 4. c3 Nf6 5. d3 d6 6. Bb3 a6 7. O-O Ba7 8. Nbd2
O-O 9. h3 Nh5 10. Re1 Nf4 11. Nf1 Qf6 12. d4 Ne7 13. Ng3 Neg6 14. Nh5 Qe7 15.
Nxf4 exf4 16. e5 c5 17. Qd3 b5 18. Bd5 Rb8 19. Qe4 cxd4 20. cxd4 dxe5 21. Nxe5
Qf6 22. Nxg6 hxg6 23. Bxf4 Bf5 24. Qf3 Bxd4 25. Bxb8 Bxb2 26. Rad1 Rxb8 27. Re2
Rf8 28. g4 Bc8 29. Qxf6 Bxf6 30. Rc2 Be5 31. Rc6 Re8 32. Kf1 Kf8 33. Rc2 Rd8
34. Rcd2 f6 35. Bb3 {...necitko} 1/2-1/2

[Event "Int. Championship of Central Serbia - OP"]
[Site "Paracin"]
[Date "2011.07.12"]
[Round "5.22"]
[White "Djurovic, Goran"]
[Black "Markoja, Boris"]
[Result "1-0"]
[WhiteElo "2328"]
[BlackElo "1944"]
[PlyCount "120"]
[EventDate "2011.07.08"]

1. g3 Nf6 2. Bg2 e6 3. Nf3 Be7 4. d3 O-O 5. e4 d5 6. e5 Nfd7 7. O-O c5 8. Re1
Nc6 9. h4 Qc7 10. Bf4 b5 11. Nbd2 Bb7 12. Nf1 Rfd8 13. N1h2 Bf8 14. h5 d4 15.
Ng4 Ne7 16. h6 Ng6 17. Bg5 gxh6 18. Bxd8 Rxd8 19. Qd2 Bxf3 20. Bxf3 Ngxe5 21.
Qf4 Nxf3+ 22. Qxf3 Bg7 23. Qf4 Qxf4 24. gxf4 Nb6 25. Ne5 Nd5 26. Nc6 Rd7 27. a4
b4 28. f5 Rc7 29. fxe6 fxe6 30. Rxe6 Nf4 31. Re8+ Kf7 32. Re4 Nh3+ 33. Kg2 Rxc6
34. Kxh3 c4 35. dxc4 Rxc4 36. Re2 b3 37. cxb3 Rb4 38. Rg1 Rxb3+ 39. Rg3 Rb4 40.
b3 Bf6 41. Rf3 a5 42. Re4 Kg7 43. Rg4+ Kf7 44. Rgf4 Rb6 45. Rxd4 Rxb3 46. Rd7+
Ke6 47. Rxb3 Kxd7 48. Rb6 Bd4 49. Ra6 Bxf2 50. Rxa5 Kc7 51. Rf5 Be3 52. Rf6 Kb7
53. Kg4 Ka7 54. Kf3 Bd2 55. Ke2 Bg5 56. Rf5 Ka6 57. Kd3 Bd8 58. Kc4 h5 59. Rxh5
Bb6 60. Rxh7 Be3 1-0

[Event "Int. Championship of Central Serbia - OP"]
[Site "Paracin"]
[Date "2011.07.12"]
[Round "5.23"]
[White "Radosavljevic, Slobodan D"]
[Black "Martic, Ivan"]
[Result "1-0"]
[WhiteElo "2223"]
[BlackElo "2347"]
[PlyCount "73"]
[EventDate "2011.07.08"]

1. c4 c5 2. g3 Nf6 3. Bg2 Nc6 4. Nf3 d5 5. O-O e5 6. cxd5 Nxd5 7. Nc3 Nc7 8. d3
Be7 9. Nd2 Bd7 10. a4 O-O 11. Nc4 f6 12. f4 exf4 13. Bxf4 Kh8 14. a5 Ne6 15.
Bd2 Ned4 16. e3 Ne6 17. Nd5 Rb8 18. Bc3 Nb4 19. e4 Bc6 20. Nce3 Nc7 21. Nxe7
Qxe7 22. Nf5 Qf7 23. d4 Rbd8 24. d5 Nb5 25. Bxb4 cxb4 26. Qe1 Bd7 27. Qxb4 Qe8
28. Nd4 a6 29. Rac1 Qe5 30. Nf3 Qd6 31. Qxd6 Nxd6 32. e5 fxe5 33. Nxe5 Rxf1+
34. Rxf1 Bf5 35. Rxf5 Nxf5 36. Nf7+ Kg8 37. Nxd8 1-0

[Event "Int. Championship of Central Serbia - OP"]
[Site "Paracin"]
[Date "2011.07.12"]
[Round "5.25"]
[White "Wilke, Werner"]
[Black "Brankovic, Dejan"]
[Result "0-1"]
[WhiteElo "2198"]
[BlackElo "2338"]
[PlyCount "58"]
[EventDate "2011.07.08"]

1. e4 c5 2. Nf3 d6 3. d4 cxd4 4. Nxd4 Nf6 5. Nc3 g6 6. Be3 Bg7 7. f3 Nc6 8. Qd2
O-O 9. Bc4 Nd7 10. Bb3 Nb6 11. Nxc6 bxc6 12. h4 c5 13. a4 c4 14. Ba2 Be6 15.
Bh6 Bxh6 16. Qxh6 f6 17. h5 g5 18. f4 gxf4 19. Ne2 Nxa4 20. Nxf4 Qa5+ 21. c3
Qe5 22. Bb1 Nc5 23. Ng6 Qg3+ 24. Kf1 Rf7 25. Qf4 Qg5 26. Qh2 Qc1+ 27. Kf2 Qxb2+
28. Kg3 Qxc3+ 29. Kf2 Qxa1 0-1

[Event "Int. Championship of Central Serbia - OP"]
[Site "Paracin"]
[Date "2011.07.12"]
[Round "5.26"]
[White "Weinzettl, Ernst"]
[Black "Jeremic, Milan"]
[Result "1-0"]
[WhiteElo "2335"]
[BlackElo "2172"]
[PlyCount "107"]
[EventDate "2011.07.08"]

1. e4 c6 2. Nc3 d5 3. d4 a6 4. Bd3 dxe4 5. Nxe4 Bf5 6. c3 Bxe4 7. Bxe4 Nf6 8.
Bf3 e6 9. Ne2 Bd6 10. Bf4 Bxf4 11. Nxf4 Nbd7 12. Qb3 Qb6 13. Qa3 Qb5 14. Be2
Qg5 15. g3 Nd5 16. Nd3 h5 17. h4 Qe7 18. Qb3 b5 19. a4 O-O 20. O-O g6 21. Bf3
Qd6 22. Rfe1 N5b6 23. axb5 axb5 24. Qb4 Qc7 25. Rxa8 Rxa8 26. Qe7 Rc8 27. Qg5
Nf8 28. Nf4 Nh7 29. Qh6 Qe7 30. Nxe6 Qf6 31. Nf4 Nc4 32. Be4 Qg7 33. Qxg7+ Kxg7
34. Nd3 Nf6 35. Bg2 Nb6 36. Re7 Kf8 37. Rb7 Nfd7 38. Nb4 c5 39. Nd5 Nxd5 40.
Bxd5 Ke7 41. dxc5 Rxc5 42. Bxf7 Kd6 43. Be8 Ne5 44. Rxb5 Rc8 45. f4 Ng4 46.
Bxg6 Ra8 47. Bxh5 Ra1+ 48. Kg2 Ne3+ 49. Kf3 Nc4 50. Bf7 Nd2+ 51. Kg4 Ke7 52.
Rb7+ Kf6 53. Bd5 Rg1 54. h5 1-0

[Event "Int. Championship of Central Serbia - OP"]
[Site "Paracin"]
[Date "2011.07.12"]
[Round "5.27"]
[White "Rotoni, Matteo"]
[Black "Savicevic, Vlatko"]
[Result "1/2-1/2"]
[WhiteElo "2180"]
[BlackElo "2334"]
[PlyCount "138"]
[EventDate "2011.07.08"]

1. e4 d6 2. d4 Nf6 3. Nc3 g6 4. Be3 Bg7 5. Qd2 c6 6. Bh6 Bxh6 7. Qxh6 Qa5 8.
Bd3 Nbd7 9. Nf3 c5 10. O-O cxd4 11. Nxd4 a6 12. Rfe1 Qc5 13. Qe3 O-O 14. Nb3
Qxe3 15. Rxe3 Nb6 16. h3 Be6 17. e5 dxe5 18. Rxe5 Bxb3 19. axb3 e6 20. Be2 Rac8
21. Bf3 Rc7 22. Rd1 Rfc8 23. Re2 Kf8 24. Red2 Ke7 25. Ne2 Nbd7 26. c3 Nc5 27.
Nc1 a5 28. Re1 Rd8 29. Red1 Rxd2 30. Rxd2 g5 31. Kf1 Nfd7 32. Be2 Ne5 33. Bb5
Rc8 34. Rd4 Rd8 35. Ke2 Rd6 36. b4 axb4 37. Rxb4 Rb6 38. Na2 f5 39. g3 Kf6 40.
f4 Ng6 41. Be8 Rxb4 42. Nxb4 gxf4 43. Bxg6 hxg6 44. gxf4 g5 45. Kf3 gxf4 46.
Kxf4 e5+ 47. Kf3 e4+ 48. Kf4 Ne6+ 49. Ke3 Ke5 50. Nc2 f4+ 51. Ke2 Nc5 52. b4
Na4 53. c4 Nb2 54. c5 Nd3 55. Kd2 f3 56. Ke3 Nf4 57. h4 Ng2+ 58. Kf2 Nxh4 59.
b5 Nf5 60. Nb4 Kd4 61. c6 b6 62. c7 Nd6 63. Nc6+ Kc4 64. Na7 Kd3 65. Nc6 Kc4
66. Na7 Kd3 67. Nc6 Nc8 68. Ne5+ Kd4 69. Ng4 Kd3 1/2-1/2

[Event "Int. Championship of Central Serbia - OP"]
[Site "Paracin"]
[Date "2011.07.12"]
[Round "5.29"]
[White "Petrovic, Marija"]
[Black "Sarenac, David"]
[Result "0-1"]
[WhiteElo "2169"]
[BlackElo "2315"]
[PlyCount "120"]
[EventDate "2011.07.08"]

1. d4 Nf6 2. Nf3 g6 3. Bg5 Bg7 4. e3 O-O 5. Nbd2 d5 6. c4 c5 7. dxc5 Na6 8.
cxd5 Nxc5 9. Qc2 Qxd5 10. Bc4 Bf5 11. Bxd5 Bxc2 12. Bxf6 Bxf6 13. Nd4 Nd3+ 14.
Kf1 Bxd4 15. exd4 Rfd8 16. Bb3 Bxb3 17. Nxb3 Nxb2 18. Ke2 Rac8 19. Rac1 b6 20.
Ke3 e6 21. Nd2 Kf8 22. h4 h5 23. Nf3 f6 24. Nd2 Ke7 25. f3 Na4 26. g4 Nc3 27.
a3 Rd7 28. gxh5 gxh5 29. Rhg1 Nd5+ 30. Kd3 Rxc1 31. Rxc1 Nf4+ 32. Ke4 Rxd4+ 33.
Kxd4 Ne2+ 34. Ke3 Nxc1 35. Ne4 Nb3 36. Ng3 Na5 37. Kd3 Nc6 38. f4 Kf7 39. Nxh5
Ne7 40. Ng3 Ng6 41. f5 Nxh4 42. fxe6+ Kxe6 43. Ne2 Kd5 44. Nc3+ Kc6 45. Ke4 Kc5
46. Kd3 f5 47. Ne2 Ng6 48. Nd4 Nf4+ 49. Kc3 Nd5+ 50. Kd3 f4 51. Ne6+ Kb5 52.
Ke4 Kc4 53. Nd8 Nc3+ 54. Kxf4 Kb3 55. Ke5 Kxa3 56. Nc6 a5 57. Kd4 Kb3 58. Kd3
a4 59. Nd4+ Kb2 60. Nc2 b5 0-1

[Event "Int. Championship of Central Serbia - OP"]
[Site "Paracin"]
[Date "2011.07.12"]
[Round "5.30"]
[White "Mladenovic, Stefan"]
[Black "Sarenac, Ivan"]
[Result "1-0"]
[WhiteElo "2161"]
[BlackElo "2315"]
[PlyCount "91"]
[EventDate "2011.07.08"]

1. d4 Nf6 2. Nf3 g6 3. Bf4 Bg7 4. e3 O-O 5. Be2 d6 6. h3 Nfd7 7. O-O Nc6 8. c3
e5 9. Bh2 h6 10. Nbd2 f5 11. dxe5 dxe5 12. Nc4 Kh7 13. Qc2 a5 14. Rfd1 Qe7 15.
Na3 Nc5 16. Bb5 Na7 17. Be2 Bd7 18. Rd2 Ba4 19. Qc1 f4 20. exf4 exf4 21. Bd1
Bc6 22. Bc2 Bxf3 23. gxf3 Nc6 24. Qf1 Ne5 25. Qg2 Qg5 26. Kh1 Qxg2+ 27. Kxg2
Kh8 28. Rd5 b6 29. Re1 Rae8 30. h4 Kg8 31. b4 axb4 32. cxb4 Na6 33. Bb3 Kh7 34.
Nc4 Nxb4 35. Rdxe5 Bxe5 36. Nxe5 Nc6 37. Nd7 Rxe1 38. Nxf8+ Kg7 39. Ne6+ Kf6
40. Nxf4 Ne7 41. Nd3 Re2 42. Bxc7 b5 43. Nf4 Rd2 44. Ba5 Rd6 45. Bc3+ Kf5 46.
Kg3 1-0

[Event "Int. Championship of Central Serbia - OP"]
[Site "Paracin"]
[Date "2011.07.12"]
[Round "5.31"]
[White "Ravic, Nenad"]
[Black "Ratkovic, Miloje"]
[Result "1-0"]
[WhiteElo "2311"]
[BlackElo "2132"]
[PlyCount "43"]
[EventDate "2011.07.08"]

1. e4 c6 2. d4 d5 3. e5 Bf5 4. h4 h5 5. c4 dxc4 6. Bxc4 e6 7. Nc3 Nd7 8. Nge2
Be7 9. Ng3 Bg6 10. Be2 Qc7 11. Bg5 O-O-O 12. Qb3 Bxg5 13. hxg5 Ne7 14. O-O-O
Nxe5 15. Nxh5 Ng4 16. Bxg4 Rxh5 17. Bxh5 Qf4+ 18. Rd2 Rh8 19. Qd1 Rxh5 20. Rxh5
Qf5 21. Rh1 Kc7 22. Qf3 1-0

[Event "Int. Championship of Central Serbia - OP"]
[Site "Paracin"]
[Date "2011.07.12"]
[Round "5.32"]
[White "Majeric, Zoran"]
[Black "Marjanovic, Dejan"]
[Result "1-0"]
[WhiteElo "2278"]
[BlackElo "2153"]
[PlyCount "97"]
[EventDate "2011.07.08"]

1. e4 c5 2. Nf3 d6 3. c3 Nf6 4. Be2 Nbd7 5. d3 b6 6. O-O Bb7 7. Nbd2 g6 8. Re1
Bg7 9. a4 a6 10. Bf1 O-O 11. d4 e5 12. dxe5 dxe5 13. Qc2 Qc7 14. Nc4 Bc6 15.
Bg5 b5 16. Bxf6 Bxf6 17. Ne3 Nb6 18. a5 Nc8 19. Red1 Nd6 20. Nd5 Bxd5 21. Rxd5
Nb7 22. c4 b4 23. Qa4 Rfd8 24. Nd2 Be7 25. Be2 Rd6 26. Nf1 Rxd5 27. cxd5 Nd6
28. Nd2 f5 29. exf5 gxf5 30. Nc4 Nxc4 31. Bxc4 Bd6 32. Qd1 Qf7 33. Qe2 Kh8 34.
Bxa6 e4 35. Bc4 Qf6 36. a6 Ra7 37. Rd1 Rg7 38. Qh5 Qg6 39. Qxg6 hxg6 40. Ra1
Ra7 41. Kf1 Kg7 42. h4 Kf6 43. Ke2 Ke7 44. h5 Kf6 45. h6 Bb8 46. Ra5 Bd6 47.
Ra1 Bb8 48. Rh1 Rh7 49. d6 1-0

[Event "Int. Championship of Central Serbia - OP"]
[Site "Paracin"]
[Date "2011.07.12"]
[Round "5.33"]
[White "Livaja, Mario"]
[Black "Vucinic, Gojko"]
[Result "0-1"]
[WhiteElo "2267"]
[BlackElo "2081"]
[PlyCount "40"]
[EventDate "2011.07.08"]

1. d4 Nf6 2. Nf3 c5 3. d5 e6 4. c4 b5 5. dxe6 fxe6 6. g3 bxc4 7. Qa4 Bb7 8. Bg2
Nc6 9. Qxc4 d5 10. Qa4 Bd6 11. O-O O-O 12. Nc3 Qe7 13. Re1 Rad8 14. Qh4 h6 15.
b3 e5 16. Rd1 e4 17. Ne1 Ne5 18. Bh1 d4 19. Nxe4 Nxe4 20. Bxe4 Qxh4 0-1